| 000 | 00368nam a2200145 a 4500 | ||
|---|---|---|---|
| 005 | 20140412111315.0 | ||
| 008 | 060117s19uu xx 00 eng d | ||
| 050 |
_aER _bPr93 1997 |
||
| 245 | _aThe Princess and the pea. | ||
| 260 |
_bLandoll, _c1977. |
||
| 300 | _a1 v. (unp.) ; ill. | ||
| 440 | _aA mini pop-up storybook | ||
| 650 | _aFairy tales | ||
| 999 |
_c104194 _d104194 |
||